00309nam a2200145Ia 45000030006000000080041000060400015000471000015000622450026000772500006001032600017001093000006001265460014001320050017001460STCL150530s9999 xx 000 0 und d aSTCLcSTCL aVidyaranya aSreesankaradigvijayam a1 c1998aKalady a0 aMalayalam20220125171204.0